| 000 | 00953nam a2200313Ia 4500 | ||
|---|---|---|---|
| 001 | dia_4996 | ||
| 003 | CHAP | ||
| 005 | 20251023173217.0 | ||
| 008 | 220117s2006 xx 000 0 und d | ||
| 010 | _a175816 | ||
| 020 | _a84-234-2382-4 | ||
| 040 | _cCHAP | ||
| 082 | _a658.401 P48 2006 | ||
| 100 |
_aPeters, Thomas J. _9157273 |
||
| 245 |
_aGestionar con imaginación / _c Tom Peters ; traducción María Belmonte Barrenechea |
||
| 260 |
_aEspaña : _b Deusto, _c2006 |
||
| 300 | _a170 p. | ||
| 440 |
_aLíderes del management _9157240 |
||
| 503 | _aI. 253778 \ I. 253779 | ||
| 590 | _aHD31 P48 2006 | ||
| 650 |
_aAdministración _9918 |
||
| 650 |
_aAptitud creadora en los negocios _9157274 |
||
| 650 |
_aManagement _9149975 |
||
| 700 |
_aBelmonte Barrenechea, María, tr. _9157275 |
||
| 901 | _a658.401 P48 2006 | ||
| 902 | _aA | ||
| 905 | _a5222272006 sp x 8222223322spa16 | ||
| 942 |
_cLIBRO _2ddc |
||
| 999 |
_c175816 _d175816 |
||